Normal view
MARC view
- Accounting Theory
Entry Topical Term
001 - CONTROL NUMBER
- control field: 3394
003 - CONTROL NUMBER IDENTIFIER
- control field: JO-AjAnu
005 - DATE AND TIME OF LATEST TRANSACTION
- control field: 20230606070847.0
008 - FIXED-LENGTH DATA ELEMENTS
- fixed length control field: 230606|| aca||aabn | a|a d
040 ## - CATALOGING SOURCE
- Original cataloging agency: JO-AjAnu
- Transcribing agency: JO-AjAnu
150 ## - HEADING--TOPICAL TERM
- Topical term or geographic name entry element: Accounting Theory
670 ## - SOURCE DATA FOUND
- Source citation: Work cat.: (JO-AjAnu)1772: Glautier,M W E/ Underdown B, author 3393, Accounting Theory and Practice: solutions manual